[Event "Groningen Harmonie"]
[Site "Groningen"]
[Date "2004.12.24"]
[Round "4"]
[White "Visser, Yge"]
[Black "Nijboer, Friso"]
[Result "1-0"]
[WhiteElo "2451"]
[BlackElo "2567"]
[Annotator "Bangiev,A"]
[PlyCount "131"]
[EventDate "2004.12.21"]
[EventType "tourn"]
[EventRounds "9"]
[EventCountry "NED"]
[EventCategory "10"]
[SourceTitle "CBM 105"]
[Source "ChessBase"]
[SourceDate "2005.04.11"]
[SourceVersion "1"]
[SourceVersionDate "2005.04.11"]
[SourceQuality "1"]

1. e4 c5 2. Nc3 Nc6 3. Bc4 e6 4. Nge2 Nf6 5. d3 Be7 6. O-O a6 7. a3 b5 8. Ba2
O-O 9. Kh1 Kh8 10. Nf4 {Ein neuer Plan: verhindert d5} (10. f4 $142) 10... Bb7
11. Bd2 Qc7 12. Nce2 Ng8 {/\f5} (12... Rad8 {[%csl Gf7,Gg7][%cal Yf6g7,Ye6f7] /
\d5} 13. Bc3 (13. Ng3 d5) (13. f3 $5 d5 14. Qe1) 13... Ng4 (13... d5 14. Bxf6
Bxf6 15. exd5) (13... a5 $5) 14. h3 Nge5 15. Nh5 {/\f4} (15. d4 $6 cxd4 16.
Nxd4 Nxd4 17. Qxd4 f6) 15... d5 16. f4 d4 17. Bd2 Nd7 $15) 13. Ng3 {verhindert
f5} Rad8 14. c3 Ne5 15. Qe2 Bd6 (15... d5 16. exd5 exd5 17. Rae1 $14) 16. Nh3 {
/\f4} c4 17. d4 Nd3 18. e5 (18. Bb1 Nxb2 19. e5 Be7 20. Nf4) 18... Be7 19. Nf4
{[%mdl 512]} (19. Bb1 {[%csl Gh7][%cal Yg6h7]} Nxb2 20. Nf4 {Siehe 19...Nb2} (
20. Bg5 Nd3 $1)) 19... Qc6 (19... Nxb2 $5 20. Bb1 (20. Be3 Na4) (20. Nfh5 d6)
20... d6 {[%csl Gf7,Gh7][%cal Yg6h7]} 21. Qh5 Nh6 22. exd6 (22. Nh3 dxe5 23.
Bxh6 gxh6 24. Qxh6 f5 $17) 22... Bxd6 23. Nh3 {[%csl Gg2,Gh7][%cal Yg6h7,Yd5e4]
/\Bh6} f5 {[%cal Yd5e4]} 24. Bxh6 gxh6 25. Qxh6 {[%cal Yd5e4]} Nd3 26. Bxd3 (
26. Ng5 Nf4 $17) 26... cxd3 27. Ng5 Bf4 $17) 20. Rg1 Nxf4 (20... Nxb2 21. d5
exd5 22. Nf5 $44) 21. Bxf4 f5 {[%csl Gf7,Gh7]} 22. exf6 $1 Nxf6 {[%csl Gf7,Gh7]
[%cal Ye4f5]} 23. Be5 Rf7 (23... d6 24. Bxf6 (24. Bf4 Ne4) 24... Rxf6 25. Rae1
Rdf8 26. Bb1 {[%csl Gh7][%cal Ye4f5] /\Qh5} Kg8 (26... Rxf2 27. Qh5 $18) 27.
Qg4 {[%csl Gf7,Gh7][%cal Ye4f5,Ye6f7]} Bc8 28. Qh4 {[%csl Gh7]} g6 29. Ne4 R6f7
30. Qg3 {[%cal Yg6h7]}) 24. Rae1 Rdf8 25. Bb1 d6 (25... Kg8 $5 {[%csl Gf7]} 26.
Nh5 a5) 26. Bf4 Nd5 {[%csl Gf7,Gh7][%cal Ye4f5]} 27. Qe4 g5 (27... g6 28. Bh6)
28. Bc1 {[%csl Ge6,Gh7]} Qd7 $6 (28... Nf4 {[%csl Gg2][%cal Yd5e4]} 29. Bxf4 (
29. Qxc6 Bxc6 30. f3 Bd5 $15 {[%csl Gg2][%cal Yd5e4]}) 29... gxf4 30. Nh5 {
[%csl Gg2][%cal Yd5e4]} Rg8 31. Qxc6 Bxc6 {[%csl Gg2]} 32. Rxe6 Bd5 33. Rh6 Rg5
$132 {[%csl Gg2][%cal Yd5e4]} 34. Nxf4 Rxf4 35. Rxh7+ Kg8 36. Rxe7 Rxf2 $15 {
[%csl Gb2,Gg2]}) 29. Qxe6 Qxe6 30. Rxe6 Rxf2 {[%csl Ge7][%cal Yd4e5]} 31. Be4 (
31. Ne4 $5) 31... R8f7 32. h3 Nf4 33. Bxb7 (33. Bxf4 gxf4 $15 {[%csl Gb2]})
33... Nxe6 34. Bd5 Nc7 35. Bxf7 Rxf7 36. Ne4 h6 37. g4 {[%csl Gc2,Gf2]} Nd5 (
37... Ne6 38. Kg2 d5 39. Ng3 Ng7 40. Nf1 Bd8 41. Ne3 $14) 38. Kg2 Kg7 $6 (38...
Bf8 39. Ng3 a5 40. Nf5 b4 41. cxb4 (41. axb4 axb4 42. Bd2 Ra7) 41... axb4 42.
Re1 $14) 39. Ng3 Bf8 40. Nf5+ Kg6 41. Re1 $16 {[%csl Gg6]} h5 42. Re6+ Nf6 (
42... Rf6 43. Re8) 43. Nxd6 $16 Bxd6 44. Rxd6 hxg4 45. hxg4 Re7 46. Kf2 Rh7 47.
Rxa6 Rh1 48. Be3 Kf7 49. Bxg5 Ne4+ 50. Kg2 Rb1 51. Bf4 Rxb2+ 52. Kf3 Nd2+ (
52... Nxc3 53. g5 $40 {/\Kg4}) 53. Ke3 Nb1 54. g5 $18 Rg2 55. Kf3 Rg1 56. Bg3
Rf1+ 57. Ke2 Rf5 58. g6+ Kg8 59. Be5 Nxc3+ 60. Ke1 Nd5 61. Ra7 c3 62. g7 Nf6
63. Rc7 Kh7 64. Rxc3 Ng8 65. Rb3 Rf7 66. Rh3+ 1-0

[Event "EU-Cup 18th"]
[Site "Kallithea"]
[Date "2002.09.28"]
[Round "7.3"]
[White "Solak, Dragan"]
[Black "Popov, Valerij"]
[Result "0-1"]
[WhiteElo "2515"]
[BlackElo "2579"]
[Annotator "Bangiev,A"]
[PlyCount "90"]
[EventDate "2002.09.22"]
[EventType "team-swiss"]
[EventRounds "7"]
[EventCountry "GRE"]
[SourceTitle "CBM 092"]
[Source "ChessBase"]
[SourceDate "2003.02.06"]
[SourceVersion "1"]
[SourceVersionDate "2003.02.06"]
[SourceQuality "1"]
[WhiteTeam "Novi Sad"]
[BlackTeam "St Petersburg"]
[WhiteTeamCountry "YUG"]
[BlackTeamCountry "RUS"]

1. e4 c5 2. b3 d6 3. Bb2 Nc6 4. Bb5 Bd7 5. f4 a6 6. Bxc6 Bxc6 7. Qe2 e6 8. c4
b5 $1 9. d3 Nf6 10. Nd2 {Weiß ist offenbar bestrebt, die weißen Felder zu
sichern und damit den Läufer c6 einzuschränken.} Qa5 $1 $36 {Ein starker Zug.
Schwarz ist bestrebt die weißen Felder anzugreifen und den Läufer c6 ins Spiel
zu bringen. /\bc4, was Weiß nicht in der Lage ist zu verhindern.} 11. e5 $1 (
11. Ngf3 bxc4 12. bxc4 Nh5 (12... Rb8 13. Bxf6 gxf6 14. O-O) 13. g3 Rb8 $17)
11... bxc4 $1 12. dxc4 (12. exf6 c3) 12... dxe5 (12... Ne4 $5 13. Ngf3 Rd8) 13.
fxe5 (13. Bxe5 Ne4 14. Ngf3 Rd8 $17) 13... Ne4 14. Ngf3 Rd8 15. O-O-O $1 Nxd2
16. Nxd2 Be7 (16... Qxa2 17. Kc2 Qa5 18. Ne4 Rb8 19. Rd3 $13) 17. Ne4 $5 (17.
Kb1 O-O 18. Ne4) 17... O-O (17... Qxa2 18. Rxd8+ Kxd8 19. Rf1 (19. Kc2 Qa5 20.
Rf1 $36) 19... Rf8 (19... Qxb3 20. Rxf7 $13) 20. Qd3+ Kc7 21. Nc3 Qa5 22. Qxh7
$36) 18. Bc3 (18. Kb1 $5 Qc7 19. Qg4) 18... Qc7 19. Rhf1 (19. Qg4 $5) 19... a5
20. Nf6+ $6 (20. Rxd8 Rxd8 21. Qg4 Bxe4 22. Qxe4 a4 23. Qf4 $13) 20... Kh8 (
20... gxf6 $2 21. Qg4+ Kh8 22. exf6 $18) 21. Rxd8 (21. Qg4 a4 $36 22. Rxd8 Bxd8
23. Nh5 g6 $15) 21... Bxd8 22. Ne4 Be7 23. Rf3 Qb7 24. Re3 Bxe4 25. Rxe4 a4 $17
{Schwarz steht klar besser, man beachte den schwachen Bauern auf e5, die
unsichere Lage des weißen Königs.} 26. Kb2 Rb8 $17 27. Qc2 Qa6 28. h4 Kg8 29.
g3 Qc8 30. Be1 Bd8 31. Bc3 Qa6 32. Rg4 Ba5 33. Rf4 h6 34. Rf3 axb3 35. axb3 Ra8
36. Kc1 Qb7 37. Re3 $2 (37. Rd3 $142 $17) 37... Bxc3 38. Qxc3 Qh1+ 39. Re1 Ra1+
{[%mdl 64]} 40. Qxa1 Qxe1+ 41. Kb2 Qxe5+ 42. Ka2 Qxa1+ 43. Kxa1 g5 44. b4 cxb4
45. c5 Kf8 0-1

[Event "RUS-chT 12th"]
[Site "Sochi"]
[Date "2005.04.28"]
[Round "10"]
[White "Rublevsky, Sergei"]
[Black "Areshchenko, Alexander"]
[Result "0-1"]
[WhiteElo "2645"]
[BlackElo "2595"]
[Annotator "Bangiev,A"]
[PlyCount "80"]
[EventDate "2005.04.19"]
[EventType "team-tourn"]
[EventRounds "11"]
[EventCountry "RUS"]
[SourceTitle "EXT 2020"]
[Source "ChessBase"]
[SourceDate "2019.10.17"]
[SourceVersion "1"]
[SourceVersionDate "2019.10.17"]
[SourceQuality "1"]
[WhiteTeam "Kazan Ladya"]
[BlackTeam "Togliatti Lada"]
[WhiteTeamCountry "RUS"]
[BlackTeamCountry "RUS"]

1. e4 c5 2. Ne2 d6 3. g3 Nf6 4. Bg2 e5 5. c3 Be7 6. d4 cxd4 7. cxd4 O-O 8. Nbc3
a6 9. O-O b5 10. a3 Bb7 11. Be3 Nbd7 12. h3 Re8 {[%csl Ge4]} 13. g4 Nb6 14. b3
Rc8 {[%cal Ye4d5]} (14... d5 15. dxe5 Nxe4 16. Bxb6 Qxb6 17. Nxd5) 15. Rc1 (15.
Qd2 d5 16. dxe5 Nxe4) 15... Nfd7 16. Qd2 {[%csl Gc2] Schwarz soll bestrebt
sein die Felderschwäche auf c2 anzugreifen, dafür eine weißfeldrige Initiative
zu entfalten, aber auch den d5-Raum zu sichern.} (16. d5 Bg5) (16. f4) 16... d5
$1 {Dieser Vorstoß kommt zum richtigen Zeitpunkt. Man beachte die
Bauernschwäche auf a3.} 17. Nxd5 (17. exd5 Bxa3) 17... Nxd5 18. Rxc8 Qxc8 19.
exd5 e4 {[%csl Gc2,Gd5] Diese Stellung hat Schwarz offenbar angestrebt. Er
sichert das Feld d5, verfügt über eine Initiative am Damenflügel.} (19... Bxa3
20. dxe5 Nxe5 21. Nd4) 20. Nc3 (20. b4 {[%cal Yd5c4]} Nb6) 20... Bxa3 21. Nxe4
Qa8 {[%csl Gc7,Gd4][%cal Yd4c5] /\Bd5} (21... Bxd5 22. Nd6 Bxd6 23. Bxd5) 22.
Nc5 (22. Qa5 Bxd5 23. Qxa3 Bxe4 24. Bxe4 Rxe4 25. Rc1) 22... Bxd5 {[%csl Gd5]}
23. Bxd5 Qxd5 {[%csl Gc2,Gd5,Gg2]} 24. Nxd7 Qxd7 25. b4 {/\Qc3} a5 (25... Qd6
26. Rb1) 26. bxa5 Qd5 $1 $132 {[%mdl 160]} 27. Qd3 b4 28. a6 h5 $1 {Um weiße
Felder zu schwächen.} 29. Bf4 (29. g5 Bb2 30. Rb1 Bc3 31. Bd2 Ra8 $132) 29...
hxg4 30. hxg4 Ra8 31. Re1 Bb2 32. Re4 b3 (32... Bc3 33. a7 $14) 33. Qf3 Bxd4 $1
34. Bc1 $2 (34. Re8+ Rxe8 35. Qxd5 b2 36. Qxd4 b1=Q+ 37. Kh2 Re1 $40) 34... Qc6
35. Ba3 (35. Kg2 $142 b2 36. Bxb2 Bxb2 37. Rb4 Qxf3+ 38. Kxf3 Bf6 39. Ra4 $17)
35... b2 36. Bxb2 Bxb2 37. Qe2 Bf6 38. a7 g5 39. Qe3 Kg7 40. Rb4 Qd7 0-1

[Event "Oxford GM-A"]
[Site "Oxford"]
[Date "1998.12.16"]
[Round "3"]
[White "Turner, Matthew"]
[Black "Sutovsky, Emil"]
[Result "1-0"]
[WhiteElo "2475"]
[BlackElo "2575"]
[Annotator "Bangiev,A"]
[PlyCount "41"]
[EventDate "1998.12.14"]
[EventType "tourn"]
[EventRounds "9"]
[EventCountry "ENG"]
[EventCategory "11"]
[SourceTitle "CBM 069"]
[Source "ChessBase"]
[SourceDate "1999.04.01"]
[SourceVersion "1"]
[SourceVersionDate "1999.04.01"]
[SourceQuality "1"]

1. e4 c5 2. g3 d5 3. exd5 Qxd5 4. Nf3 Bg4 5. Bg2 Qe6+ 6. Kf1 Nc6 7. h3 Bh5 8.
d3 O-O-O $6 {Ein seltener Zug. Die Hauptvariante ist 8...Qd7} 9. Be3 Qf6 (9...
Nd4 $6 10. Nxd4 $1 Qxe3 11. Qxh5 Qxd4 12. Qxf7 Qxb2 13. Qb3 Qxb3 14. axb3 Kb8
15. Nd2 g6 16. Ne4 Rc8 17. h4 $16 {1/2-1/2 Vodep,O-Freitag,M/AUT 1994/EXT 99 
(28)}) 10. Nbd2 Nd4 (10... e6 $6 11. g4 Bg6 12. Bg5) 11. Rb1 $5 {/\b4} (11. g4
Bg6 12. b4 $2 Nxc2 $1) 11... Qa6 {[%tqu "De","Der Weiße hat den Nachziehenden
in der Entwicklung offenbar überholt. Der Turm auf b1 und der Läufer auf g2
wirken auf dem Punkt b7 ganz gut zusammen. Für welchen Zug spricht das alles?",
"","","b2b4","Der beste Zug, der den weißen Angriff am Damenflügel
verscharffen soll.  Die Öffnung von Linien und Diagonalen steigert die
Aktivität der eigenen Figuren!!",10]} 12. b4 $1 Qxa2 $2 {Nun bricht die
schwarze Stellung zusammen.} (12... Nb5 $5) 13. Bxd4 $1 cxd4 14. Ra1 Qb2 (14...
Qe6 15. Rxa7 $18) 15. g4 $1 Bg6 16. Rxa7 $18 {Der Schwarze ist hilflos.} Kb8
17. Nc4 Qxb4 18. Qa1 Nf6 19. Nxd4 Be4 20. Bxe4 Nxe4 21. Nc6+ {[%mdl 128]} 1-0

[Event "American Continental 3rd"]
[Site "Buenos Aires"]
[Date "2005.08.09"]
[Round "4"]
[White "Dolezal, Cristian"]
[Black "Kudrin, Sergey"]
[Result "0-1"]
[WhiteElo "2402"]
[BlackElo "2559"]
[Annotator "Bangiev,A"]
[PlyCount "80"]
[EventDate "2005.08.06"]
[EventType "swiss"]
[EventRounds "11"]
[EventCountry "ARG"]
[SourceTitle "CBM 109"]
[Source "ChessBase"]
[SourceDate "2005.11.14"]
[SourceVersion "1"]
[SourceVersionDate "2005.11.14"]
[SourceQuality "1"]

1. e4 c5 2. g3 g6 3. Bg2 Bg7 4. d3 Nc6 5. c3 d6 6. f4 e5 $1 7. Nf3 Nge7 8. O-O
O-O 9. Na3 exf4 {Dieser Abtausch gefolgt von d5 stellt in derartigen
Positionen ein Standardverfahren dar..} (9... b6 10. f5 $1 gxf5 11. Nh4 fxe4
12. dxe4 Be6 13. Nf5 f6 14. Nxg7 Kxg7 15. Qh5 $36 {0-1 Renner,C-Savchenko,S/
Berlin 1997/CBM 059 ext (54)}) 10. gxf4 (10. Bxf4 d5) 10... d5 $1 {Damit
werden die Felder c2, d3 angegriffen.} 11. e5 (11. Nc2 dxe4 12. dxe4 Qxd1 13.
Rxd1 h6 {/\Be6} 14. Be3 b6 15. Rd6 Be6 16. e5 Rac8 $11) 11... d4 $1 {[%mdl 32]
Schwarz möchte damit den Vorstoß d4 verhindern, legt den Bauern auf d3 als das
Angriffsziel fest. .} (11... f6 $5 12. Be3 (12. d4 cxd4 13. cxd4 Qb6 14. Nc2
Bf5 $17) (12. exf6 Bxf6) 12... d4 13. cxd4 Nf5 $36) 12. c4 (12. Nb5 f6 13. Qb3+
Kh8 14. cxd4 cxd4 15. Nd6 $14) 12... Bf5 {Schwarz verfolgt das Ziel die Felder
d3, c2 zu erobern, hat aber die Kontrolle über das Feld d5 nicht.} (12... f6
13. exf6 Bxf6) 13. Ng5 $1 {Der Ne4 wird optimal platziert.} Qd7 (13... f6 14.
exf6 Bxf6 15. Ne4) 14. Ne4 (14. Nb5 {/\Nd6} f6 15. exf6 Bxf6 16. Ne4 b6 17.
Nbd6 $13) 14... b6 $2 15. Qf3 $2 (15. Nf6+ Bxf6 16. exf6 Nc8 17. Qa4 $18) 15...
Nb4 {Die Bauernschwäche auf d3 stellt ein perfektes Angriffsziel dar.} 16. h3 (
16. Bd2 f6 (16... Bg4 17. Qg3) 17. exf6 (17. Nxf6+ Bxf6 18. exf6 Nec6) 17...
Bxe4 18. dxe4 Bxf6 19. e5 $14) 16... Rad8 17. Bd2 f6 18. exf6 Bxf6 19. Bxb4
cxb4 20. Nc2 a5 21. b3 {Die Stellung hat sich geändert. Die Felder c2, d3
stehen unter weißer Kontrolle. Die schwarzen Felder sind aber nicht genügend
gedeckt, vor allem der Bauer auf f4. Schwarz soll versuchen den Bauern auf f4
anzugreifen. Unter diesem Gesichtspunkt stellt das Manöver Ne7-g8-f6-h5 eine
konsequente Planung dar.} Bg7 22. Rae1 Kh8 23. a3 bxa3 24. Nxa3 Ng8 25. Nb5 Nf6
26. Nbd6 (26. Nxf6 Bxf6 $17) 26... Bxe4 $1 27. Nxe4 Nh5 $17 28. Ng5 Nxf4 29.
Qg3 (29. Re4 Nxg2 30. Qxg2 Rxf1+ 31. Qxf1 Rf8 32. Rf4 $132 {Stichwort: das
Feld f7!}) 29... Nh5 30. Qh4 Bf6 31. Bd5 Rde8 32. Rxe8 Qxe8 33. Qg4 Bxg5 34.
Rxf8+ Qxf8 35. Qxg5 Qf6 36. Qg4 Nf4 37. Be4 Qg5 38. Kf2 Qxg4 39. hxg4 Ne6 40.
Ke2 Nc5 0-1

[Event "Vidmar Memorial 16th"]
[Site "Portoroz"]
[Date "2005.07.16"]
[Round "8"]
[White "Bartel, Mateusz"]
[Black "Sermek, Drazen"]
[Result "0-1"]
[WhiteElo "2540"]
[BlackElo "2532"]
[Annotator "Bangiev,A"]
[PlyCount "96"]
[EventDate "2005.07.09"]
[EventType "tourn"]
[EventRounds "9"]
[EventCountry "SLO"]
[EventCategory "12"]
[SourceTitle "CBM 108"]
[Source "ChessBase"]
[SourceDate "2005.09.26"]
[SourceVersion "1"]
[SourceVersionDate "2005.09.26"]
[SourceQuality "1"]

1. g3 c5 2. Bg2 g6 3. e4 Bg7 4. Ne2 Nc6 5. c3 e5 6. d3 Nge7 7. Be3 {[%cal
Ye5d4,Gd5c4]} d6 {[%csl Ge5][%cal Ye5d4] /\Be6} 8. Nd2 {[%csl Ge5][%cal Gd5c4]
Schwarz: /\d5; Plan: b6 gefolgt von d5;} O-O (8... Be6 9. f4) (8... b6 9. O-O
d5 10. exd5 Nxd5 11. Qb3 Be6) 9. f4 {/\Nf3} (9. O-O b6 (9... Be6 10. f4) 10.
Nf3 d5 11. Qd2 dxe4 12. dxe4 Ba6 13. Qxd8 Raxd8 {0-1 Cugini,W-Ortega,L/Bratto
1996/EXT 2000 (24)}) (9. Nf3 b6 10. d4 exd4 11. cxd4 Ba6) 9... b6 (9... Be6 10.
Nf3) 10. O-O {[%cal Ye5d4,Gd5c4]} (10. fxe5 Nxe5 (10... dxe5) 11. Nf3 Ba6) (10.
Nf3 $142 exf4 (10... d5 11. Nxe5 Nxe5 12. fxe5) 11. Nxf4 d5 12. exd5 Nxd5 13.
Nxd5 Qxd5 14. O-O Bb7 15. d4 $14 {1/2-1/2 Khramzov,A-Donchenko,A/Moscow 1990/
TD (18)}) 10... d5 $1 {[%csl Gd5][%cal Yd5c4,Ge5d4]} 11. fxe5 {[%cal Gd5c4]} (
11. Nf3 dxe4 12. dxe4 Ba6 13. Re1 Qxd1 14. Raxd1 Rad8 {0-1 Murey,J-Gruenfeld,Y/
Ramat Hasharon 1980/EXT 2005 (47)}) 11... Nxe5 {[%cal Yd5c4]} 12. d4 {[%csl
Gd5][%cal Ge5d4,Yd5c4][%mdl 8] Schwarz: /\Ba6; Plan: Ng4 + Ba6} (12. Nf3 Nxf3+
13. Bxf3 Bb7 14. Qb3 dxe4 15. dxe4 Nc6 {0-1 Breistein,J-Gullaksen,E/Norway
1999/EXT 2002 (47)}) 12... Ng4 {[%cal Ge5d4]} (12... cxd4 13. cxd4 Ng4) 13. Bf4
{[%cal Ge5d4]} Ba6 {[%cal Ge5d4]} 14. h3 {[%csl Gd5][%cal Ge5d4,Yd5c4]} (14.
Bf3 $142 {[%cal Ge5d4]} Qd7 (14... dxe4 15. Bxg4 f5 16. Bh3 {[%cal Ge5d4]} cxd4
17. Nxd4 $14) (14... Nf6 15. e5) 15. h3 Nf6 16. e5 Nh5) 14... Nf6 {[%csl Gd5]}
15. e5 {[%csl Gd5][%cal Ge5d4,Yd5c4]} Nh5 {[%cal Ge5d4]} 16. Rf2 {[%cal Ge5d4]}
Nf5 {[%cal Ge5d4]} (16... f6 {[%cal Ge5d4]}) (16... cxd4 $2 {[%cal Ge5d4]} 17.
Nxd4) (16... Bxe2 {[%cal Ge5d4]} 17. Qxe2 cxd4 18. cxd4 Rc8 19. Nf1 Nxf4 20.
gxf4 f6) 17. Nf1 {[%csl Gc2][%cal Ge5d4,Yd5c4]} (17. g4 {[%cal Ge5d4]} Bxe2 {
[%cal Ge5d4]} (17... Nxf4 18. Nxf4 Ne3) 18. Qxe2 {[%cal Ge5d4]} Nxf4 19. Rxf4
Bh6 $13) 17... cxd4 18. cxd4 {[%csl Gc2][%cal Yd5c4,Ge5d4] Pd4 ist nun als
Angriffziel festgelegt, was Schwarz ermöglicht die strategische Initiative zu
ergreifen..} (18. Nxd4 $142 Bxf1 19. Rxf1 Nfxg3 20. Bxg3 Nxg3 21. Re1) 18...
Rc8 {[%csl Gc2] /\Rc4} (18... f6 {[%cal Ge5d4]}) 19. Nc3 {[%cal Ge5d4,Yd5c4]}
Rc4 {[%cal Yd5c4,Ge5d4]} 20. Rd2 {[%csl Gd5][%cal Ge5d4,Yd5c4]} (20. Nxd5 Rxd4)
20... Bb7 {[%csl Gd5]} 21. Rd3 {[%csl Gd5][%cal Ge5d4]} (21. Ne2 $142) 21...
Nxf4 (21... f6) 22. gxf4 {[%cal Ge5d4]} Bh6 {[%cal Ge5d4]} (22... f6 {[%cal
Ge5d4]}) 23. b3 (23. Qd2 f6) (23. Ne2 f6) 23... Rc8 {[%csl Rc3][%cal Yd5c4,
Ge5d4]} 24. Qf3 {[%csl Gd5][%cal Ge5d4,Yd5c4]} Ba6 (24... f6) 25. Rad1 (25. Rd2
Bxf4 26. Qxf4 Rxc3) 25... Bxd3 26. Rxd3 {[%cal Ge5d4]} Nh4 (26... Rxc3 27. Rxc3
Nxd4 {[%cal Ge5d4]}) 27. Qg4 Nxg2 28. Qxg2 (28. Kxg2 f6 $17) 28... Bxf4 29.
Nxd5 Qg5 30. h4 Qxg2+ 31. Kxg2 Rc2+ 32. Kf3 Rc1 33. Ke2 Rc2+ 34. Kd1 $2 (34.
Kf3 $142 $15) 34... Rxa2 35. Nxf4 Rf2 $19 36. Nd5 Rxf1+ 37. Ke2 Rc1 38. Nf6+
Kg7 39. d5 Rh1 40. Rd4 Rc8 41. d6 Rh2+ 42. Kf3 Rc3+ 43. Kg4 h5+ 44. Nxh5+ gxh5+
45. Kxh5 Rc8 46. Rg4+ Kh8 47. Rf4 Re2 48. Rf5 Re8 0-1

[Event "ISR-ch"]
[Site "Tel Aviv"]
[Date "2002.11.28"]
[Round "4"]
[White "Klenburg, Mikhail"]
[Black "Kundin, Alexander"]
[Result "1/2-1/2"]
[WhiteElo "2331"]
[BlackElo "2429"]
[Annotator "Bangiev,A"]
[PlyCount "42"]
[EventDate "2002.11.24"]
[EventType "swiss"]
[EventRounds "9"]
[EventCountry "ISR"]
[SourceTitle "CBM 093"]
[Source "ChessBase"]
[SourceDate "2003.04.01"]
[SourceVersion "1"]
[SourceVersionDate "2003.04.01"]
[SourceQuality "1"]

1. e4 c5 2. d3 Nc6 3. g3 g6 4. Bg2 Bg7 5. f4 d6 6. Nf3 e6 7. O-O Nge7 8. c3 O-O
9. Be3 b6 10. Bf2 Ba6 11. Re1 {Weiß bereitet den Vorstoß d4 vor, sozusagen
einen Programmzug.} Qc7 {Ein seltener Zug. Immer öfter zieht Schwarz hier 
(oder früher) 11...Qd7} 12. a4 {konsequenter war} (12. d4 $5 cxd4 13. Nxd4 (13.
cxd4 $142 d5 14. e5) 13... Nxd4 14. Bxd4 e5 15. Be3 Rad8 16. Na3 Qc6 17. Qb3
Qd7 18. Rad1 $14 {1/2-1/2 Hofmann,M-Kraehenbuehl,G/Zug 1983/EXT 2003 (26)})
12... Rad8 13. Na3 Qd7 14. Bh3 {Ohne d4 kommt Weiß nicht voran.} (14. d4) 14...
Rc8 (14... d5 15. e5 Bb7 16. Nc2 $14) 15. Nc2 Rfd8 16. Qe2 {Weiß möchte kein
d4 spielen.} (16. d4 $5) 16... Na5 17. Red1 Qe8 (17... Qb7 18. Bg2) (17... Bb7
18. d4 cxd4 19. Ncxd4 $13) 18. Nce1 Rc7 19. Ra3 Nac6 20. Qd2 Bb7 21. b4 (21. d4
$5) 21... e5 1/2-1/2

[Event "Villa Martelli Ann 50th"]
[Site "Villa Martelli"]
[Date "2005.08.24"]
[Round "7"]
[White "Rodriguez Vila, Andres"]
[Black "Felgaer, Ruben Alejandro"]
[Result "1/2-1/2"]
[WhiteElo "2523"]
[BlackElo "2618"]
[Annotator "Bangiev,A"]
[PlyCount "74"]
[EventDate "2005.08.17"]
[EventType "tourn"]
[EventRounds "10"]
[EventCountry "ARG"]
[EventCategory "13"]
[SourceTitle "CBM 109"]
[Source "ChessBase"]
[SourceDate "2005.11.14"]
[SourceVersion "1"]
[SourceVersionDate "2005.11.14"]
[SourceQuality "1"]

1. e4 c5 2. d3 Nc6 3. g3 g6 4. Bg2 Bg7 5. f4 e6 6. Nf3 Nge7 7. O-O O-O 8. c3 b6
9. d4 d5 10. e5 Ba6 11. Re1 Rc8 {Schwarz verfolgt das Ziel die Felder d3, c2
zu erobern.} 12. Na3 (12. a3 Na5 13. Nbd2 Nf5 14. b4 cxd4 15. Nxd4 Nxd4 16.
cxd4 Nc4 17. Nxc4 Bxc4 18. Bh3 h5 $11 {0-1 Sargissian,G-Sherbakov,R/Novgorod
1999/CBM 069 ext (73)}) 12... cxd4 $1 13. cxd4 Qd7 {/\Nb4} (13... Nb4 14. Qa4)
14. Qd2 {[%cal Yd5c4,Ge5d4] Dies verhindert Nb4, /\b4, Kritische Stellung für
Schwarz.} (14. Nc2 $5) 14... f6 {Schwarz beginnt damit die schwarzen Felder f5,
d4, anzugreifen, muss aber die Bauernschwäche auf e6 in Kauf nehmen.} (14...
Na5 {Der Versuch die Felder d2, c2 zu erobern, scheitert.} 15. b3 Rc7 (15...
Nec6 16. Nc2) 16. Bb2 Rfc8 17. Rac1 Nec6 (17... Rxc1 18. Rxc1 Rxc1+ 19. Bxc1 (
19. Qxc1 Bd3)) 18. Nc2 Bf8 19. Ba3 Bxa3 20. Nxa3 Qe7 21. Nc2 {Schwarz kommt am
Damenflügel nicht weiter, Weiß hat dagegen am Königsflügel gute Aussichten.})
15. exf6 (15. b4 fxe5 16. dxe5 (16. fxe5 Bb7 (16... Rxf3 $5 17. Bxf3 Nf5))
16... Bb7) 15... Bxf6 {/\Nf5} 16. b3 (16. b4 $6 Nf5 17. Bb2 Nd6) 16... Nf5 17.
Bb2 Rfe8 (17... h6 {/\g5} 18. Nc2 (18. Rad1 g5 $5) 18... Rce8 19. Ne3 Nxe3 20.
Rxe3 {/\Bh3}) 18. Nc2 $14 {/\Ne3; /\Qf2 gefolgt von g4} h5 {Ein typischer
Vorstoß zur Verstärkung des Nf5.} (18... Qg7 19. Ne5) 19. Rad1 (19. Ne3 $5 Nh6
(19... h4 20. Nxf5 gxf5 21. Nxh4) (19... Nd6 20. Ne5) (19... Qg7 20. Nxf5 gxf5
21. Rad1) 20. Ne5 Nxe5 21. dxe5 Bg7 $14) 19... Qg7 20. Qf2 (20. Ne5 Bb7) (20.
Ne3 Nd6) 20... Nd8 21. Ng5 (21. Nb4 $5 Bb7 (21... Bb5 22. a4 Bd7 23. Nd3 Nc6
24. Nde5) 22. Nd3 Nc6 23. Nde5) 21... Bb5 $1 22. Rd2 (22. a4 Bd7) 22... Re7 23.
h3 h4 $132 24. g4 Ng3 25. a4 Bd7 26. Qe3 Nf7 27. Nb4 Ree8 (27... Nd6 $5 28. Nd3
Bxg5 29. fxg5 Nde4) 28. Nd3 $16 Nxg5 29. fxg5 Be7 30. Rf2 Rf8 31. Bxd5 (31.
Rxf8+ Rxf8 32. Ne5 Be8 33. Ra1 $16 {/\a5, /\Ba3}) 31... exd5 32. Qxe7 Qxe7 33.
Rxe7 Rxf2 34. Kxf2 Rc2+ 35. Kf3 Rd2 36. Ne5 Nf1 37. Bc1 (37. Bc3 $18) 37... Rd1
$2 $16 (37... Nh2+ 38. Ke3 Nf1+ 39. Kf4 Rf2+ 40. Nf3 Nh2) 1/2-1/2